Testovanie linearity pre Markov-switching modely

Hamiltonov špecifický test na platnosť Markových predpokladov. Testovanie zostávajúcej nelinearity na porovnanie 2-režimového modelu s 3-režimovým modelom. Skórová funkcia.

Saved in:
Bibliographic Details
Main Author: Lenčuchová, Jana
Format: Book Chapter
Language:English
Subjects:
Tags: Add Tag
No Tags, Be the first to tag this record!

MARC

LEADER 00000naa$a2200000$$$4500
001 0108896
005 20220715093958.6
041 0 |a eng 
044 |a SK 
245 1 0 |a Testovanie linearity pre Markov-switching modely  |c Jana Lenčuchová 
520 |a Hamiltonov špecifický test na platnosť Markových predpokladov. Testovanie zostávajúcej nelinearity na porovnanie 2-režimového modelu s 3-režimovým modelom. Skórová funkcia. 
610 2 0 |a rady časové 
610 2 0 |a modely 
610 2 0 |a modelovanie lineárne 
610 2 0 |a ukazovatele makroekonomické 
610 2 0 |a metódy štatistické 
100 1 |a Lenčuchová, Jana